| 000 | 00348nam a2200133 a 4500 | ||
|---|---|---|---|
| 001 | 4721 | ||
| 003 | CDMR | ||
| 005 | 20130116135259.0 | ||
| 008 | 130130s2007||||||||||||||||||||||||||||d | ||
| 040 |
_aCDMR _bcat _cCPC GIRONA |
||
| 245 | 0 | _aGuia del Parlament Europeu 2007-2009 | |
| 260 |
_c2007 _bOficina de Publicacions del Parlament Europeu |
||
| 942 | _cMON | ||
| 999 |
_c4721 _d4721 |
||